| 000 | 00813cam a2200229 4500 | ||
|---|---|---|---|
| 001 | ABS62801 | ||
| 008 | 000000n2000 000 0 eng u | ||
| 035 | _a(Sirsi) u108165 | ||
| 100 | _aAldous, T. | ||
| 245 | _aCentres for the new century: Canterbury | ||
| 260 | _c2000 | ||
| 490 |
_aUrban Environment Today _v(103) 24 August 2000, 10-11(2) |
||
| 520 | _aReports on Canterbury's attempt to restore its historic centre. The 1960's Whitefriars development is being demolished and will be replaced by traditional-style, larger buildings. The project will take seven years - to minimise disruption. | ||
| 590 | _aABS | ||
| 650 | _aCANTERBURY | ||
| 650 | _aHISTORIC TOWNS | ||
| 650 | _aCITY CENTRES | ||
| 650 | _aREDEVELOPMENT | ||
| 650 | _aURBAN REGENERATION | ||
| 690 | _aREGENERATION | ||
| 942 | _n0 | ||
| 999 |
_c64605 _d64605 |
||